000 00530nam a2200181Ia 4500
999 _c16861
_d16861
003 OSt
005 20200606120019.0
008 190216s9999||||xx |||||||||||||| ||und||
020 _a9788188545230
040 _cMESKC library
082 _a320.532
_bSHE/K
100 _aShovange, Gopala Krishna
_9443
245 0 _aKarl Marxs /
_cGopala Krishna Shovange
260 _bRashtreeya Sahithya Sadan,
_c2008.
_aDelhi:
300 _a240p
650 _aHindi
942 _cBK
_2ddc
_h320.532
_iSHE/K
_k320.532
_mSHE/K